000 00505nam a2200169Ia 4500
003 GCL
008 140319s9999 xx 000 0 ara d
040 _aGCL /
_cGCL
082 0 4 _aق
_b962.064
_bض ا
245 1 0 _aالاسرار الشخصية لجمال عبدالناصر
300 _a173 ص
490 _aكتاب
_v0
650 0 4 _aرؤساء الجمهورية
650 0 4 _aجمال عبدالناصر
650 0 4 _aمصر - تاريخ - العصر الحديث (1805 - 1956 )
942 _2ddc
_cBK
999 _c43033
_d43033